Educación Matemática 6: guía didáctica para el profesor

I tiakina i:
Ngā taipitopito rārangi puna kōrero
Ngā kaituhi matua: Cortés, Isabel (Author), Knockaert Heimpell, Loreley (Author)
Hōputu: Pukapuka
Reo:Pāniora
I whakaputaina: Santiago Arrayan 2006
Putanga:1a. ed
Ngā marau:
Ngā Tūtohu: Tāpirihia he Tūtohu
Kāore He Tūtohu, Me noho koe te mea tuatahi ki te tūtohu i tēnei pūkete!

MARC

LEADER 00000nam a2200000 a 4500
001 UCI7851
003 CL-VaPUC
008 080725e20060000CL |||||||||||||||||spa|d
020 |a 956240546X 
082 0 4 |a 372.7  |b COR  |2 21 
100 0 |a Cortés, Isabel  |e author  |9 531199 
700 0 |a Knockaert Heimpell, Loreley  |e author  |9 531200 
245 1 0 |a Educación Matemática 6: guía didáctica para el profesor 
250 |a 1a. ed 
300 |a 87+191 
942 |c BK 
945 |d 20080725 00:00:00  |a jtorresc 
260 |a Santiago  |b Arrayan  |c 2006 
500 |a Incluye Texto para el Estudiante 
650 0 |a Matemáticas  |x Enseñanza  |9 875527 
650 0 |a Educación básica   |9 224933 
650 0 |a Métodos de enseñanza  |9 270413 
650 0 |a Libros de texto  |9 270019 
650 0 |a Matemática  |9 260235 
583 |a last modification  |c 20171004 12:17:28  |k Rodrigo Vera 
999 |c 330980  |d 330978